000 01123nam a2200301 a 4500
001 1572024
003 CO-ViMGA
005 20230915233613.0
008 180418s2017 ck ao gr 00010 spa d
020 _a9789583055577
040 _aCO-ViMGA
_bspa
_cCO-ViMGA
082 0 4 _a523.8
_bB18e
_221
100 1 _aBaur, Manfred,
_d1959-
_9909
245 1 0 _aEstrellas :
_bmaravillas del universo /
_cManfred Baur ; traducción del alemán Francisco Fernandez.
250 _aEdicin̤ Cesar A. Cardozo Tovar.
260 _aBogot :̀
_bPanamericana Editorial,
_c2017.
300 _a48 páginas :
_bilustraciones ;
_c28 cm.
490 1 _aComo y por que
500 _aGlosario : p. 48.
534 _pTítulo original :
_tSterne: wunder des weltalls.
650 1 4 _aConstelaciones
_v Literatura juvenil.
_9913
650 1 4 _aEspacio exterior
_v Literatura juvenil.
_9912
650 1 4 _aEstrellas
_v Literatura juvenil.
_9910
650 1 4 _aEstrellas
_x Clasificación
_v Literatura juvenil.
_9911
700 1 _aCardozo Tovar, Cesar Alberto,
_eeditor.
_9869
700 1 _aFernaǹdez, Francisco,
_etraductor.
_9914
942 _2ddc
_cBK
999 _c8551
_d8551